000 00330nam a22001337a 4500
008 241019b |||||||| |||| 00| 0 eng d
020 _a9789358404333
040 _a02
100 _aRAVISHANKAR,LAKSHMY
245 _aADVANCED ORGANIC CHEMISTRY
260 _aDELHI
_bHIMALAYA PUBLISHING HOUSE
_c2024
300 _a426
942 _c01
999 _c64486
_d64486